• 首页
  • 本馆介绍
  • 公告通知
  • 最新文献
  • 馆藏检索
  • 电子资源
  • 读者导购
  • 参考咨询
  • 我的图书馆
  • 登录
  • 详细信息显示
  • 放入我的书架
  • 预约/预借图书
  • 作者相关作品
  • 分类相关作品
  • 丛书相关作品
  • 出版社相关作品

书目信息

  • 表格格式
  • 工作单格式
  • 卡片格式
题名:
IP路由协议疑难解析
    
 
作者: 阿齐兹 著 ;孙余强 译
分册:  
出版信息: 北京   人民邮电出版社  2013
页数: 12,717页
开本: 24cm
丛书名:
单 册:
中图分类: TN915.04
科图分类:
主题词: 互联网络--通信协议 , 互联网络 , 通信协议
电子资源:
ISBN: 978-7-115-31810-7
000 01192nam0 2200301 450
001 523
005 20140910085713.76
010    @a978-7-115-31810-7@dCNY118.00
100    @a20130816d2013 em y0chiy50 ea
101 1  @achi@ceng
102    @aCN@b110000
105    @aa z 000yy
106    @ar
200 1  @aIP路由协议疑难解析@AIP Lu You Xie Yi Yi Nan Jie Xi@dCCIE professional development troubleshooting IP routing protocols@f(美)Zaheer Aziz[等]著@F( Mei )Zaheer Aziz[ Deng ] Zhu@g孙余强译@zeng
210    @a北京@c人民邮电出版社@d2013
215    @a12,717页@c图@d24cm
304    @a著者还有:(美)Johnson Liu、(美)Abe Martey、(美)Faraz Shamim
305    @a由美国Cisco Press授权出版
330    @a本书是一本详尽实用的IP路由协议故障排除手册,内容涉及各种新式和老式IP路由协议,包括:RIP、EIGRP、OSPF、IS-IS、BGP和PIM等。
510 1  @aCCIE professional development troubleshooting IP routing protocols@zeng
606 0  @a互联网络@x通信协议
606 0  @a互联网络
606 0  @a通信协议
690    @aTN915.04@v5
701  0 @c(美)@a阿齐兹@AA Qi Zi@c(Aziz, Zaheer)@4著
702  0 @a孙余强@ASun Yu Qiang@4译
801  0 @aCN@bTANGWEI@c20140603
905    @b0841034-36@dTN915.04@e101@f3
    
    IP路由协议疑难解析=CCIE professional development troubleshooting IP routing protocols/(美)Zaheer Aziz[等]著/孙余强译.-北京:人民邮电出版社,2013
    12,717页:图;24cm
    
    
    ISBN 978-7-115-31810-7:CNY118.00
    本书是一本详尽实用的IP路由协议故障排除手册,内容涉及各种新式和老式IP路由协议,包括:RIP、EIGRP、OSPF、IS-IS、BGP和PIM等。
●
相关链接 在E读中查询图书 在五车中查询图书 在当当中查询图书 在豆瓣中查询图书


正题名:IP路由协议疑难解析     索取号:TN915.04/101         预约/预借

序号 登录号 条形码 馆藏地/架位号 状态 备注
1 0841034   208410343   第二样本阅览室/ [索取号:TN915.04/101] 在馆    
2 0841035   208410352   密集书库—计算机科学学院/ [索取号:TN915.04/101] 在馆    
3 0841036   208410361   第三借阅区/ [索取号:TN915.04/101] 在馆    
唐山师范学院图书馆 欢迎您!
大连网信软件有限公司© 版权所有